Пастка. Тридцять років зі Сталіним. П’ятдесят років без Сталіна. (Запис № 17493)
[ простий вигляд ]
| 000 -Маркер запису | |
|---|---|
| Контрольне поле сталої довжини | 01230nam a22002417a 4500 |
| 003 - Належність контрольного номера | |
| Контрольне поле | Uzh_bibl |
| 008 - Кодовані дані | |
| Контрольне поле сталої довжини | 260423b |||||||| |||| 00| 0 ukr d |
| 020 ## - Індекс ISBN | |
| ISBN | 966-7575-54-3 |
| Ціна | 5.00 |
| 040 ## - Джерело каталогіз. | |
| Код мови каталог. | укр. |
| 041 ## - Код мови видання | |
| Код мови оригіналу | українська |
| Код мови тексту | українська |
| 080 ## - Індекс УДК | |
| Індекс УДК | 94(477) |
| 090 ## - Шифри | |
| Поличний індекс | 94(477) |
| Авторський знак | Д 43 |
| 100 ## - Автор | |
| Автор | Дзюба,Іван |
| 245 ## - Назва | |
| Назва | Пастка. Тридцять років зі Сталіним. П’ятдесят років без Сталіна. |
| Фізичний носій | Текст |
| 260 ## - Вихідні дані | |
| Місце видання | Київ |
| Видавництво | Криниця |
| Дата видання | 2003 |
| 300 ## - Фізичний опис | |
| Обсяг | 144 с. |
| 490 ## - Серія | |
| Назва серії | Серія «Моя книгозбірня» |
| 520 ## - Анотація | |
| Анотація | Видавництво «Криниця» вперше представляє окремим виданням і в повному обсязі нову книгу І. М. Дзюби, що охоплює – 80 років – трагічної історії колишнього СРСР, екстраполюючи її значною мірою на історію України (тоді – Радянської). |
| 521 ## - Примітка про цільове призначення | |
| Примітка про цільове призначення | Для широкого кола читачів |
| 546 ## - Примітка про мову | |
| Примітка про мову | укр. |
| 650 ## - Тематичні рубрики | |
| Основна рубрика | Науково-публіцистичне дослідження |
| Типове ділення | Історія |
| 942 ## - ADDED ENTRY ELEMENTS (KOHA) | |
| Джерело класифікації чи схема поличного розташування | |
| Koha item type | Книги |
| Статус вилучення | Статус втрати/відсутності | Джерело класифікації чи схема поличного розташування | Статус пошкодження | Тип обігу (не для випозичання) | Постійне розташування | Поточне розташування | Розташування у відділі | Дата надходження | Інвентарний номер | Total Checkouts | Повний (примірниковий) шифр зберігання | Штрих-код | Date last seen | Дата, для якої чинна ціна заміни | Тип одиниці (рівень примірника) |
|---|---|---|---|---|---|---|---|---|---|---|---|---|---|---|---|
| Публічна бібліотека | Публічна бібліотека | Абонемент | 23/04/2026 | 52652 | 94(477) | 19337 | 23/04/2026 | 23/04/2026 | Книги |